000 00730nam a2200265Ia 4500
001 Para_3820
003 CHAP
008 220125s1914 xx 000 0 und d
010 _a202341
040 _cCHAP
090 _aPA FOLLETO 1041
100 _aWoodworth, C. W
_9122581
245 _aSilk worm experiments /
_c by C. W. Wood-worth
260 _aBerkely, Cal. :
_b Agricultural Experiment Station
300 _a4 p.
440 _aCalifornia. Agri. Exp. Sta. Circular; 116
_9167485
650 _aGusanos de seda
_951569
901 _aPA FOLLETO 1041
902 _aA
905 _a0000001914 BER 0000000000 00
910 _a1914
942 _cPARA
942 _cPARA
_d1
999 _c202341
_d202341